Rozsypanka literowa - miasta w województwie opolskim - Statystyki

Ogólne statystyki
  • Ten quiz został rozwiązany 17 razy
  • Średni wynik to 11 z 15
Statystyki odpowiedzi
Miasto % Poprawnych
Brzeg
100%
Nysa
100%
Opole
100%
Kędzierzyn-Koźle
94%
Głuchołazy
82%
Kluczbork
82%
Namysłów
76%
Prudnik
76%
Krapkowice
71%
Olesno
65%
Głubczyce
53%
Strzelce Opolskie
53%
Zdzieszowice
53%
Grodków
41%
Ozimek
41%
Nie znaleziono quizów pasujących do podanych kryteriów
Rozkład punktacji
Procent ludzi z każdym wynikiem
Percentyl według liczby udzielonych odpowiedzi
Twoja historia wyników
Nie rozwiązałeś tego quizu